Chilean Primera División Clubs by Badge - Statistics

General Stats
  • This quiz has been taken 48 times
    17 since last reset
  • The average score is 15 of 16
Answer Stats
Picture Answer % Correct
Audax Italiano
100%
Colo-Colo
100%
Everton de Viña del Mar
100%
Huachipato
100%
O'Higgins
100%
Palestino
100%
Universidad Católica
100%
Cobresal
94%
Coquimbo Unido
94%
Deportes Concepción
94%
Ñublense
94%
Unión La Calera
94%
Deportes Limache
88%
Universidad de Chile
88%
Universidad de Concepción
88%
Deportes La Serena
76%
No matching quizzes found
Score Distribution
Percent of People with Each Score
Percentile by Number Answered
Your Score History
You have not taken this quiz since the last reset